| 000 | 00612nam a2200217 a 4500 | ||
|---|---|---|---|
| 008 | |||
| 020 | _a0340179090 (pbk.) | ||
| 049 | _aMAIN | ||
| 090 | 0 | 0 | _aTA403 |
| 100 | 1 | _aHiggins, Raymond Aurelius. | |
| 245 | 1 | 4 |
_aThe properties of engineering materials / _c Raymond A. Higgins. |
| 260 |
_aLondon : _bHodder and Stoughton, _c1977. |
||
| 300 |
_a441 p. : _bill. ; _c22 cm. |
||
| 500 | _aIncludes index. | ||
| 650 | 0 | _aMaterials. | |
| 907 |
_a.b10118123 _b15-04-04 _c14-04-04 |
||
| 003 | |||
| 005 | 20230123133658.0 | ||
| 040 | _cNUST | ||
| 942 |
_cBOOKS _kTA403 |
||
| 999 |
_c152735 _d152735 |
||